<?xml version="1.0" encoding="UTF-8"?>
<record
    xmlns:xsi="http://www.w3.org/2001/XMLSchema-instance"
    xsi:schemaLocation="http://www.loc.gov/MARC21/slim http://www.loc.gov/standards/marcxml/schema/MARC21slim.xsd"
    xmlns="http://www.loc.gov/MARC21/slim">

  <leader>00715nam a22001337a 4500</leader>
  <datafield tag="040" ind1=" " ind2=" ">
    <subfield code="c">RUA</subfield>
  </datafield>
  <datafield tag="082" ind1=" " ind2=" ">
    <subfield code="a">FIS EAN 2021 B473 Or.</subfield>
  </datafield>
  <datafield tag="100" ind1=" " ind2=" ">
    <subfield code="a">EAN SOPHEAK,&#x17A2;&#x17C0;&#x1793; &#x179F;&#x17BB;&#x1797;&#x17D0;&#x1780;&#x17D2;&#x178F;</subfield>
  </datafield>
  <datafield tag="245" ind1=" " ind2=" ">
    <subfield code="a">UNDERSTANDING COMMERCIAL FISHES AND SUPPLY CHAIN IN KAMPOT PROVINCE AND KEP PROVINCE,&#x1780;&#x17B6;&#x179A;&#x179F;&#x17B7;&#x1780;&#x17D2;&#x179F;&#x17B6;&#x1791;&#x17C5;&#x179B;&#x17BE;&#x1781;&#x17D2;&#x179F;&#x17C2;&#x1785;&#x17D2;&#x179A;&#x179C;&#x17C9;&#x17B6;&#x1780;&#x17CB;&#x1793;&#x17C3;&#x1780;&#x17B6;&#x179A;&#x1795;&#x17D2;&#x1782;&#x178F;&#x17CB;&#x1795;&#x17D2;&#x1782;&#x1784;&#x17CB; &#x1793;&#x17B7;&#x1784;&#x1791;&#x17B8;&#x1795;&#x17D2;&#x179F;&#x17B6;&#x179A;&#x178F;&#x17D2;&#x179A;&#x17B8;&#x1793;&#x17C5;&#x1780;&#x17D2;&#x1793;&#x17BB;&#x1784;&#x1781;&#x17C1;&#x178F;&#x17D2;&#x178F;&#x1780;&#x17C6;&#x1796;&#x178F; &#x1793;&#x17B7;&#x1784;&#x1781;&#x17C1;&#x178F;&#x17D2;&#x178F;&#x1780;&#x17C2;&#x1794;</subfield>
  </datafield>
  <datafield tag="260" ind1=" " ind2=" ">
    <subfield code="a">phnom penh</subfield>
    <subfield code="b">rua</subfield>
    <subfield code="c">2021</subfield>
  </datafield>
  <datafield tag="300" ind1=" " ind2=" ">
    <subfield code="a">xii.58p.</subfield>
    <subfield code="b">ill.</subfield>
    <subfield code="c">29cm.</subfield>
  </datafield>
  <datafield tag="856" ind1=" " ind2=" ">
    <subfield code="u">https://drive.google.com/file/d/15MKk1mcodzJamVJnxXXf4Hyf2pXc0fxF/view?usp=sharing</subfield>
  </datafield>
  <datafield tag="942" ind1=" " ind2=" ">
    <subfield code="c">FIS</subfield>
  </datafield>
  <datafield tag="999" ind1=" " ind2=" ">
    <subfield code="c">22603</subfield>
    <subfield code="d">22603</subfield>
  </datafield>
  <datafield tag="952" ind1=" " ind2=" ">
    <subfield code="0">0</subfield>
    <subfield code="1">0</subfield>
    <subfield code="4">0</subfield>
    <subfield code="6">FIS_EAN_2021_000000000000000_B473_OR</subfield>
    <subfield code="7">0</subfield>
    <subfield code="9">97136</subfield>
    <subfield code="a">LBB</subfield>
    <subfield code="b">LBB</subfield>
    <subfield code="c">B473</subfield>
    <subfield code="d">2024-03-19</subfield>
    <subfield code="o">FIS EAN 2021 B473 Or.</subfield>
    <subfield code="p">a078362</subfield>
    <subfield code="r">2024-03-19</subfield>
    <subfield code="y">FIS</subfield>
  </datafield>
  <datafield tag="952" ind1=" " ind2=" ">
    <subfield code="0">0</subfield>
    <subfield code="1">0</subfield>
    <subfield code="4">0</subfield>
    <subfield code="6">FIS_EAN_2021_000000000000000_B473_OR</subfield>
    <subfield code="7">0</subfield>
    <subfield code="9">97137</subfield>
    <subfield code="a">LBB</subfield>
    <subfield code="b">LBB</subfield>
    <subfield code="c">B473</subfield>
    <subfield code="d">2024-03-19</subfield>
    <subfield code="o">FIS EAN 2021 B473 Or.</subfield>
    <subfield code="p">a078302</subfield>
    <subfield code="r">2024-03-19</subfield>
    <subfield code="y">FIS</subfield>
  </datafield>
  <datafield tag="952" ind1=" " ind2=" ">
    <subfield code="0">0</subfield>
    <subfield code="1">0</subfield>
    <subfield code="4">0</subfield>
    <subfield code="6">FIS_EAN_2021_000000000000000_B473_OR</subfield>
    <subfield code="7">0</subfield>
    <subfield code="9">97138</subfield>
    <subfield code="a">LBB</subfield>
    <subfield code="b">LBB</subfield>
    <subfield code="c">B473</subfield>
    <subfield code="d">2024-03-19</subfield>
    <subfield code="o">FIS EAN 2021 B473 Or.</subfield>
    <subfield code="p">a078603</subfield>
    <subfield code="r">2024-03-19</subfield>
    <subfield code="y">FIS</subfield>
  </datafield>
  <datafield tag="952" ind1=" " ind2=" ">
    <subfield code="0">0</subfield>
    <subfield code="1">0</subfield>
    <subfield code="4">0</subfield>
    <subfield code="6">FIS_EAN_2021_000000000000000_B473_OR</subfield>
    <subfield code="7">0</subfield>
    <subfield code="9">97139</subfield>
    <subfield code="a">LBB</subfield>
    <subfield code="b">LBB</subfield>
    <subfield code="c">B473</subfield>
    <subfield code="d">2024-03-19</subfield>
    <subfield code="o">FIS EAN 2021 B473 Or.</subfield>
    <subfield code="p">a078607</subfield>
    <subfield code="r">2024-03-19</subfield>
    <subfield code="y">FIS</subfield>
  </datafield>
</record>
